000 00555nam a2200205 4500
003 CO-ViMGA
020 _a9789588870076
040 _aCO-ViMGA
_bspa
_cCO-ViMGA
082 0 4 _aB869.3
_bC62a
100 1 _aCoelho, Paulo,
_d1947.
_96085
245 1 0 _aAdulterio /
_cPaulo Coelho.
260 _aColombia:
_bGrijalbo,
_c2014.
300 _a273 p. ;
_b23 cm.
500 _aIncluye biografía.
650 1 4 _aAdulterio - Novela.
_96086
650 1 4 _aAmor - Novela.
_96087
650 1 4 _aNovela brasileña.
_92441
700 1 _aObón, Pilar,
_etr.
_96088
942 _cBK
999 _c11726
_d11726